[Event "US Chess League 2011"]
[Site "ICC INT"]
[Date "2011.09.12"]
[Round "3"]
[White "Rodriguez,Er"]
[Black "Mikhailuk,S"]
[Result "1-0"]
[WhiteElo "2337"]
[BlackElo "2424"]

1.d4 d5 2.c4 Nc6 3.Nc3 dxc4 4.Nf3 e6 5.e4 Nf6 6.Bxc4 Bb4 7.Bd3 Ba5 8.h3 Bb6
9.e5 Nd5 10.Be4 h6 11.a3 Nce7 12.Qc2 Nxc3 13.bxc3 c5 14.O-O Qc7 15.a4 Bd7
16.Ba3 cxd4 17.Bd6 Qc8 18.a5 Bd8 19.a6 Bc6 20.cxd4 Bxe4 21.Qxe4 Qc6 22.Qg4 O-O
23.Rfc1 Qd7 24.Qe4 Nd5 25.Bxf8 Kxf8 26.axb7 Qxb7 27.Rab1 Qd7 28.Nd2 Be7 29.Qh7 Ke8
30.Qxg7 Bf8 31.Qh8 Rc8 32.Ne4 Rxc1+ 33.Rxc1 Ke7 34.Nd6  1-0

[Event "ch-Euro Youth g18"]
[Site "Albena BUL"]
[Date "2011.09.13"]
[Round "3.3"]
[White "Pavlidou,E"]
[Black "Miturova,M"]
[Result "1-0"]
[WhiteElo "2189"]
[BlackElo "2042"]

1.d4 d5 2.c4 Nc6 3.cxd5 Qxd5 4.e3 e5 5.Nc3 Bb4 6.Bd2 Bxc3 7.bxc3 Nf6 8.Qb3 Qd6
9.Bc1 Be6 10.Ba3 Qd7 11.Qxb7 Rb8 12.Qa6 Ne4 13.Ne2 Nd6 14.Ng3 O-O 15.Be2 Rb6
16.Qa4 Rfb8 17.Qd1 Nc4 18.Bc1 N6a5 19.O-O Qe7 20.Bd3 Qh4 21.Bf5 Rd8 22.Bxe6 Rxe6
23.Rb1 Rh6 24.h3 Rg6 25.Qf3 Re8 26.d5 e4 27.Qxe4 Qd8 28.Qd4 Ne5 29.e4 Nac4
30.Bf4 h5 31.Bxe5 Nxe5 32.Qe3 Nc4 33.Qf4 Rf6 34.Qg5 Re5 35.Nf5 g6 36.Rb4 Rxe4
37.Rfb1 Re8 38.Rb8  1-0

[Event "2nd Livigno Open A"]
[Site "Livigno ITA"]
[Date "2011.09.13"]
[Round "2.13"]
[White "Polak,T"]
[Black "Palit,S"]
[Result "1-0"]
[WhiteElo "2543"]
[BlackElo "2363"]

1.d4 d5 2.c4 Nc6 3.Nf3 Bg4 4.Bg5 Nf6 5.Bxf6 exf6 6.e3 Bb4+ 7.Nc3 O-O 8.Be2 dxc4
9.Bxc4 f5 10.a3 Bd6 11.Qd3 a6 12.h3 Bxf3 13.gxf3 Ne7 14.f4 b5 15.Bb3 c5 16.dxc5 Bxc5
17.Qxd8 Rfxd8 18.Ke2 Rd7 19.Rhd1 Rad8 20.Rxd7 Rxd7 21.Rc1 Bb6 22.a4 b4 23.Nb1 Rc7
24.Rd1 g6 25.Rd8+ Kg7 26.Rb8 Bc5 27.Nd2 Nc6 28.Ra8 Na7 29.a5 Be7 30.Nc4 Nb5
31.Rxa6 Rc5 32.Rb6 Bd8 33.Rb7 Nc7 34.Rxb4 Nd5 35.Rb7 Bxa5 36.Ne5 Nc7 37.Bxf7 Rc2+
38.Kd1 Rxf2 39.b4 Rb2 40.Nd3  1-0

[Event "Vasteras Open"]
[Site "Vasteras SWE"]
[Date "2011.09.23"]
[Round "2"]
[White "Brynell,S"]
[Black "Eriksson,B1"]
[Result "1-0"]
[WhiteElo "2491"]
[BlackElo "2158"]

1.d4 d5 2.c4 Nc6 3.Nc3 dxc4 4.Nf3 Bg4 5.d5 Bxf3 6.exf3 Ne5 7.Bf4 Ng6 8.Bg3 f5
9.h4 h5 10.Bxc4 a6 11.Qd2 Qd7 12.O-O e5 13.Qg5 Rh6 14.Bxe5 Be7 15.Qe3 Nxh4
16.d6 cxd6 17.Bg3 Kf8 18.Rfe1 Ng6 19.Be6 Qc6 20.Bxf5 h4 21.Bh2 Re8 22.Be4 Qd7
23.Qd3 Nh8 24.Bf5 Qd8 25.Nd5 Nf7 26.Nf4 Ne5 27.Qb3 Bg5 28.Ne6+ Rhxe6 29.Bxe6 Qe7
30.Bxg8  1-0

[Event "FPX 70 Anos"]
[Site "Sao Paulo BRA"]
[Date "2011.09.26"]
[Round "2.5"]
[White "Fernandez,Maria"]
[Black "Terao,R"]
[Result "1-0"]
[WhiteElo "2152"]
[BlackElo "2358"]

1.d4 d5 2.c4 Nc6 3.Nf3 Bg4 4.cxd5 Bxf3 5.dxc6 Bxc6 6.Nc3 e6 7.e3 a6 8.Qc2 Nf6
9.f3 Qd6 10.Bd2 g6 11.Bd3 Bg7 12.Ne4 Nxe4 13.Bxe4 Bxe4 14.Qxe4 O-O 15.Rc1 Rfe8
16.f4 Rad8 17.Rc2 e5 18.fxe5 Qb6 19.O-O f6 20.Qf3 Rf8 21.exf6 Bxf6 22.Qe2 Rf7
23.Qc4 Rd6 24.Bc3 c6 25.Rcf2 Qd8 26.e4 Rxd4 27.Bxd4 Qxd4 28.Qe6 Kg7 29.e5  1-0

[Event "II Oliver Gonzalez Memorial"]
[Site "Madrid ESP"]
[Date "2011.10.08"]
[Round "1"]
[White "Davicce Canada,J"]
[Black "Perez Mitjans,O"]
[Result "0-1"]
[WhiteElo "2088"]
[BlackElo "2451"]

1.d4 d5 2.c4 Nc6 3.Nf3 Bg4 4.cxd5 Bxf3 5.gxf3 Qxd5 6.e3 e5 7.Nc3 Bb4 8.Bd2 Bxc3
9.bxc3 Qd6 10.Bd3 Nge7 11.Qc2 g6 12.O-O O-O-O 13.Rab1 Qf6 14.Be4 Qg5+ 15.Kh1 f5
16.Bxc6 Nxc6 17.Qb3 b6 18.Qb5 Kb7 19.Qe2 Qh5 20.Qd1 f4 21.Rg1 Rhf8 22.Rg4 Qh3
23.exf4 exd4 24.Rg3 Qe6 25.Qc2 d3 26.Qb2 Na5 27.Re1 Qc6 28.Re4 Nc4 29.Qc1 Rfe8  0-1

[Event "II Oliver Gonzalez Memorial"]
[Site "Madrid ESP"]
[Date "2011.10.10"]
[Round "3.7"]
[White "Barria Zuniga,D"]
[Black "Rodrigo Yanguas,M"]
[Result "1-0"]
[WhiteElo "2443"]
[BlackElo "2135"]

1.d4 d5 2.c4 Nc6 3.Nc3 dxc4 4.Nf3 Nf6 5.e4 Bg4 6.d5 Ne5 7.Bf4 Ng6 8.Bg3 e6
9.dxe6 Bxe6 10.Nd4 Bd7 11.Bxc4 Bc5 12.e5 Bg4 13.Qa4+ Nd7 14.Be2 Bxe2 15.Ndxe2 c6
16.O-O-O Qe7 17.f4 O-O 18.Nd4 Rfd8 19.Nf5 Qe6 20.Qe4 Nb6 21.Nxg7 Kxg7 22.f5 Qc4
23.fxg6 Qxe4 24.Nxe4 Be3+ 25.Kc2 hxg6 26.Bh4 Rd5 27.Bf6+ Kg8 28.Rdf1 Nc4
29.Rf3 Bd4 30.Rh3  1-0

[Event "Lichtenrader Autumn"]
[Site "Berlin GER"]
[Date "2011.10.15"]
[Round "8.20"]
[White "Gebigke,M"]
[Black "Yin,Z"]
[Result "1-0"]
[WhiteElo "2191"]
[BlackElo "2006"]

1.d4 d5 2.c4 Nc6 3.Nf3 Bg4 4.cxd5 Bxf3 5.gxf3 Qxd5 6.e3 e5 7.Nc3 Bb4 8.Bd2 Bxc3
9.bxc3 exd4 10.cxd4 Nge7 11.Rb1 O-O 12.Rg1 Rfe8 13.Bc3 Rad8 14.Be2 Qxa2 15.Kf1 Qe6
16.Rxg7+ Kxg7 17.d5+ Kg8 18.dxe6 Rxd1+ 19.Bxd1 Nd8 20.exf7+ Kxf7 21.Bb3+ Kg6
22.Ke2 Nec6 23.Rg1+ Kh6 24.f4 Ne6 25.Kf3 b5 26.Rg3 b4 27.Bb2 Nf8 28.Bg7+  1-0

[Event "TCh-FIN SM-Liiga 2011-12"]
[Site "Tampere FIN"]
[Date "2011.10.15"]
[Round "3.2"]
[White "Lehtinen,H"]
[Black "Hurme,H"]
[Result "1-0"]
[WhiteElo "2401"]
[BlackElo "2258"]

1.d4 d5 2.c4 Nc6 3.Nc3 dxc4 4.d5 Ne5 5.Qd4 Ng6 6.Qxc4 a6 7.Qb3 Nf6 8.Nf3 b5
9.h4 e6 10.h5 Ne7 11.Bg5 exd5 12.O-O-O c6 13.e4 Qc7 14.exd5 Nfxd5 15.Kb1 Be6
16.Nd4 Nxc3+ 17.Qxc3 Bd5 18.Bd3 O-O-O 19.Rhe1 Kb7 20.h6 f6 21.Bh4 Qd7 22.hxg7 Bxg7
23.Bc2 Ng6 24.Ne6 Qf7 25.Nxd8+ Rxd8 26.Qa3 Bf8 27.Qa5 Rd7 28.Bg3 Bxg2 29.Rxd7+ Qxd7
30.Qc3 f5 31.f3 Bg7 32.Qc5 Bd4 33.Rd1 Bxc5 34.Rxd7+ Ka8 35.Bd1 f4 36.Bh2 Be3
37.Rxh7 Ne5 38.Rh8+ Kb7 39.Rf8 Bxf3 40.Bxf3 Nxf3 41.Bxf4 Bxf4 42.Rxf4 Ne5
43.Kc2 Kb6 44.Kc3 a5 45.Kd4 Nd7 46.Rf7 Nc5 47.b3 Na6 48.Rf2 Nb4 49.Rh2 Na6
50.Ke5 Nc5 51.Rh3 b4 52.Kd4 Kb5 53.Rh5  1-0

[Event "TCh-FIN SM-Liiga 2011-12"]
[Site "Tampere FIN"]
[Date "2011.10.15"]
[Round "3.1"]
[White "Henttinen,M"]
[Black "Karttunen,M"]
[Result "0-1"]
[WhiteElo "2270"]
[BlackElo "2423"]

1.d4 d5 2.c4 Nc6 3.e3 Nf6 4.Nf3 g6 5.Nc3 Bg7 6.Be2 O-O 7.O-O dxc4 8.Bxc4 a6
9.a3 Bg4 10.h3 Bxf3 11.Qxf3 e5 12.d5 Ne7 13.e4 Nc8 14.Be3 Nd6 15.Bd3 Nd7
16.g4 f5 17.gxf5 gxf5 18.exf5 e4 19.Bxe4 Ne5 20.Qg2 Nxe4 21.Qxe4 Qf6 22.Rad1 Rae8
23.Kh1 Ng6 24.Qg4 Qxf5 25.Qxf5 Rxf5 26.Bd4 Rf3 27.Bxg7 Rxh3+ 28.Kg1 Kxg7
29.Rd4 Rf3 30.Kg2 Ref8 31.Re4 R3f5 32.f3 Nf4+ 33.Kg3 Rg5+ 34.Kh4 Kh6 35.Ne2 Nxd5
36.Ng3 Nf4 37.Rh1 Rf7 38.Rh2 c5 39.Rd2 Ng6+  0-1

[Event "Chigorin Memorial Open"]
[Site "St Petersburg RUS"]
[Date "2011.10.18"]
[Round "5.56"]
[White "Kopylov,Al2"]
[Black "Pashinsky,M"]
[Result "1-0"]
[WhiteElo "2444"]
[BlackElo "2228"]

1.d4 d5 2.c4 Nc6 3.Nc3 dxc4 4.Nf3 Bg4 5.d5 Bxf3 6.exf3 Ne5 7.Bf4 Nd3+ 8.Bxd3 cxd3
9.Qxd3 a6 10.O-O-O Nf6 11.Rhe1 Qd7 12.Qd4 Kd8 13.Ne4 Nxe4 14.fxe4 Rg8 15.e5 g5
16.Bg3 Rg6 17.Kb1 Ke8 18.Qc4 Rd8 19.Re3 Rb6 20.Qc2 Rb5 21.e6 fxe6 22.Qxh7 Qc8
23.Qg6+  1-0

[Event "Chigorin Memorial Open"]
[Site "St Petersburg RUS"]
[Date "2011.10.19"]
[Round "6.74"]
[White "Sirletti,S"]
[Black "Pasiev,R"]
[Result "1-0"]
[WhiteElo "1940"]
[BlackElo "2306"]

1.d4 d5 2.c4 Nc6 3.e3 e5 4.dxe5 d4 5.a3 Nge7 6.Nf3 Bg4 7.Be2 dxe3 8.Qxd8+ Rxd8
9.Bxe3 Bxf3 10.Bxf3 Nxe5 11.Be2 Nf5 12.Nc3 Nxe3 13.fxe3 Bc5 14.Kf2 a5 15.Rad1 O-O
16.Rxd8 Rxd8 17.Rd1 Rxd1 18.Nxd1 f5 19.Ke1 Kf7 20.Kd2 Kf6 21.Nc3 c6 22.Na4 Bd6
23.c5 Bc7 24.b4 Kg5 25.Nb2 axb4 26.axb4 Kh4 27.Nc4 Nf7 28.h3 Kg3 29.Bf3 Kf2
30.e4 fxe4 31.Bxe4 Ng5 32.Bf5 Kxg2 33.Bc8 Ne4+ 34.Kc2 g5 35.Bxb7 Kxh3 36.Bxc6 Nf6
37.b5 g4 38.b6 Bb8 39.Ne3 g3 40.Bg2+ Kh2 41.c6 Ne8 42.Kd3 h5 43.Ke2 Kg1 44.Kf3 Be5
45.Bh3 h4 46.Ng4 Bd6 47.Ne3 Kh2 48.Kg4 Nf6+ 49.Kxh4 Be7 50.Nf5 Bc5 51.c7 Bf2
52.Nxg3 Bxg3+ 53.Kg5 Ne4+ 54.Kg6 Bxc7 55.bxc7 Nd6 56.Bd7  1-0

[Event "Chigorin Memorial Open"]
[Site "St Petersburg RUS"]
[Date "2011.10.20"]
[Round "7.92"]
[White "Trapeznikova,D"]
[Black "Vorobjev,D"]
[Result "1/2-1/2"]
[WhiteElo "2024"]
[BlackElo "2214"]

1.d4 d5 2.c4 Nc6 3.Nf3 Bg4 4.Nc3 e6 5.Bf4 Bb4 6.Ne5 Nxe5 7.Bxe5 Bxc3+ 8.bxc3 f6
9.Bg3 Ne7 10.h3 Bh5 11.Qb3 b6 12.e3 O-O 13.Bd3 Bg6 14.Be2 Nf5 15.Bh2 Nh4
16.O-O Be4 17.f3 Bg6 18.cxd5 exd5 19.e4 Bf7 20.Qc2 Be6 21.c4 c6 22.c5 b5
23.Bd6 Re8 24.Bd3 Ng6 25.exd5 Bxd5 26.Bxg6 hxg6 27.Qxg6 Re2 28.a3 Qe8 29.Qxe8+ Raxe8
30.Rf2 Bc4 31.Rxe2 Rxe2 32.Bf4 Kf7 33.Bg3 Rd2 34.Bf2 Rd3 35.h4 Kg6 36.Kh2 Kh5
37.Kh3 Be6+ 38.Kg3 g5 39.hxg5 fxg5 40.Kh2 Bd5 41.Kg1 Bc4 42.Kh2 Kg6 43.Kg3 Kf5
44.Kh2 Bd5 45.Kg1 Bc4 46.Kh2 a5 47.Be1 a4 48.Bb4 Rxd4 49.Re1 Bd5 50.Kg3 Rxb4
51.axb4 a3 52.Kf2 a2 53.Ke3 g4 54.fxg4+ Kxg4 55.Kf2 Kf4 56.g3+ Kg4 57.Ra1 Bc4
58.Ke3 Kxg3 59.Ke4 Bd5+ 60.Ke5 Kf3 61.Kd6 Ke4 62.Rxa2 Bxa2 63.Kxc6 Bc4 64.Kb6 Kd5
65.c6 Kd6 66.c7 Be6 67.Kxb5  1/2-1/2

[Event "49th ch-IND NatA"]
[Site "Aurangabad IND"]
[Date "2011.10.21"]
[Round "13"]
[White "Ravi,TeS"]
[Black "Deshmukh,A"]
[Result "1-0"]
[WhiteElo "2300"]
[BlackElo "2312"]

1.d4 d5 2.c4 Nc6 3.cxd5 Qxd5 4.e3 e5 5.Nc3 Bb4 6.Bd2 Bxc3 7.bxc3 Nf6 8.f3 exd4
9.cxd4 O-O 10.Qb3 Qd6 11.Bc4 a5 12.Ne2 a4 13.Qc2 Bd7 14.O-O Rfe8 15.a3 Nd5
16.Qa2 Rxe3 17.Bxe3 Nxe3 18.Bxf7+ Kh8 19.Rfe1 Rf8 20.Ng3 Qxd4 21.Kh1 Qf4
22.Be6 Bxe6 23.Qxe6 Nc2 24.Re4 Qd2 25.Rg1 Nxa3 26.Rxa4 Nb5 27.Re4 Nc3 28.Rh4 Qd8
29.Rh5 h6 30.Re1 Qd2 31.Qe3 Qxe3 32.Rxe3 Ra8 33.h4 Nd1 34.Rb3 Ra1 35.Kh2 Nd4
36.Rd3 Ne6 37.Re5 Nf4 38.Rd4 g5 39.Re7  1-0

[Event "1st Central Asia Cup"]
[Site "Tashkent UZB"]
[Date "2011.10.21"]
[Round "4.10"]
[White "Aripov,I"]
[Black "Holmirzaev,B"]
[Result "0-1"]
[WhiteElo "2193"]
[BlackElo "2360"]

1.d4 d5 2.c4 Nc6 3.Nc3 e6 4.e3 Nf6 5.cxd5 Nxd5 6.Nge2 Nf6 7.g3 e5 8.Bg2 exd4
9.Nxd4 Nxd4 10.exd4 Qe7+ 11.Be3 Qb4 12.O-O Be7 13.Bd2 Qxd4 14.Re1 c6 15.Qe2 Be6
16.Bh3 O-O 17.Bxe6 fxe6 18.Qxe6+ Rf7 19.Rad1 Qg4 20.Qb3 Bf8 21.Bf4 Qh3 22.Ne4 Nxe4
23.Rxe4 Bc5 24.Be3 Bxe3 25.Rxe3 Qf5 26.Rd2 Kh8 27.Qe6 Qxe6 28.Rxe6 g6 29.f4 Kg7
30.Kf2 Rc8 31.Ke3 c5 32.Kd3 Rd8+ 33.Kc3 Rxd2 34.Kxd2 Rd7+ 35.Kc3 Kf7 36.Re2 Kf6
37.b3 h5 38.Kc4 b6 39.Kb5 h4 40.Kc6 Rd3 41.gxh4 Rd4 42.Rc2 Kf5 43.Kb7 Rd7+
44.Ka6 Kxf4 45.Rg2 Kf5 46.a4 Rh7 47.Rg5+ Kf6 48.Rg4 Rd7 49.a5 bxa5 50.Kxa5 Rb7
51.Rg3 Rb4 52.Rc3 Rxh4 53.h3 Rb4 54.Ka6 Ke6 55.Kxa7 Kd6 56.Ka6 g5 57.Rg3 Kc6
58.Ka7 Rb7+ 59.Ka6 Rb8 60.Ka7 Rb4 61.Rd3 Rh4 62.Rc3 Rh7+ 63.Ka6 Rh8 64.Ka7 Rh4
65.Ka6 Rd4 66.Ka7 Rd7+ 67.Ka6 Rd1 68.Ka7 Ra1+ 69.Kb8 Ra3 70.Rg3 c4 71.Rxg5 Rxb3+
72.Ka7 Rxh3  0-1

[Event "III Tancat IM"]
[Site "Barcelona ESP"]
[Date "2011.10.22"]
[Round "4"]
[White "Avila Jimenez,J"]
[Black "Martinez Ramirez,E"]
[Result "1-0"]
[WhiteElo "2279"]
[BlackElo "2301"]

1.d4 d5 2.c4 Nc6 3.Nc3 dxc4 4.Nf3 e5 5.d5 e4 6.Nxe4 Nb4 7.Nc3 Nf6 8.e4 Qe7
9.Bxc4 Nxe4 10.O-O Bf5 11.Nd4 Bg6 12.a3 c5 13.Bb5+ Kd8 14.Nf3 Na6 15.d6 Qxd6
16.Nxe4 Bxe4 17.Qe2 Nc7 18.Qxe4 Nxb5 19.Bg5+ f6 20.Rad1 fxg5 21.Qxb7 Nd4
22.Nxd4 cxd4 23.Qxa8+  1-0

[Event "29th Muensterland Open"]
[Site "Senden GER"]
[Date "2011.10.23"]
[Round "4.8"]
[White "Korth,D"]
[Black "Busche,K"]
[Result "1/2-1/2"]
[WhiteElo "2211"]
[BlackElo "2053"]

1.d4 d5 2.c4 Nc6 3.cxd5 Qxd5 4.e3 e5 5.Nc3 Bb4 6.Bd2 Bxc3 7.bxc3 Nf6 8.c4 Qd6
9.d5 Ne7 10.Qb1 Nd7 11.Nf3 b6 12.Bc3 c6 13.dxc6 Nxc6 14.Qb2 O-O 15.Be2 f6
16.O-O Nc5  1/2-1/2

[Event "12th Metropolitan Inv"]
[Site "Los Angeles USA"]
[Date "2011.11.09"]
[Round "1"]
[White "Haessel,D"]
[Black "Taylor,T"]
[Result "0-1"]
[WhiteElo "2211"]
[BlackElo "2296"]

1.d4 d5 2.c4 Nc6 3.Nf3 Bg4 4.Nc3 Bxf3 5.gxf3 e6 6.cxd5 exd5 7.a3 Qh4 8.e3 O-O-O
9.f4 Nge7 10.Bd2 h6 11.b4 g5 12.b5 Nb8 13.fxg5 hxg5 14.Qa4 Bg7 15.Qxa7 Nf5
16.Bd3 Qh3 17.Ne2 Nd6 18.Rc1 Qf3 19.Rf1 Rxh2 20.Rxc7+ Kxc7 21.Ba5+ Kd7 22.Bxd8 Kxd8
23.Qxb8+ Kd7 24.b6 Rh8 25.Qc7+ Ke6 26.Qc2 Rc8 27.Qb1 Rc6 28.Rg1 Bf6 29.Ng3 Bd8
30.Be2 Qf6 31.Nh5 Qh8 32.Rh1 Qf8 33.Bf3 Rxb6 34.Qa2 Nc4 35.e4 Qxa3 36.exd5+ Kd6
37.Qxa3+ Nxa3 38.Be4 f5 39.Bxf5 Kxd5 40.Ke2 Nb5 41.Ke3 Nxd4 42.Be4+ Ke5 43.Rb1 Rh6
44.Ng3 b5 45.f3 Bb6 46.Kd3 Rd6 47.Kc3 Kf4 48.Nh5+ Ke3 49.Kb4 g4 50.Ng3 gxf3
51.Nf5+ Nxf5 52.Bxf5 Bd8 53.Kc5 Rf6 54.Rb3+ Kf4 55.Bd3 f2 56.Rxb5 Be7+ 57.Kc4 Rc6+
58.Kb3 Ke3 59.Bf1 Rc1 60.Bh3 Bc5 61.Ka2 Rh1 62.Bg2 Rg1 63.Bh3 Bd4 64.Rb1 Rg7
65.Bf1 Kd2 66.Kb3 Rb7+ 67.Ka2 Re7 68.Rb4 Kc2 69.Rb3 Bc3 70.Bh3 Re1 71.Bf5+ Kd2  0-1

[Event "FSIM November"]
[Site "Budapest HUN"]
[Date "2011.11.15"]
[Round "11"]
[White "Szeberenyi,A"]
[Black "Lyell,M"]
[Result "1-0"]
[WhiteElo "2324"]
[BlackElo "2189"]

1.d4 d5 2.c4 Nc6 3.cxd5 Qxd5 4.e3 e5 5.Nc3 Bb4 6.Bd2 Bxc3 7.bxc3 Nf6 8.f3 O-O
9.e4 Nxe4 10.fxe4 Qxe4+ 11.Qe2 Qg6 12.d5 Bg4 13.Qe3 Ne7 14.Be2 Bxe2 15.Qxe2 Nxd5
16.Nh3 e4 17.O-O Qb6+ 18.Kh1 e3 19.c4 Qa6 20.Bxe3 Rfe8 21.Rf3 Nxe3 22.Rxe3 Rxe3
23.Qxe3 Qxc4 24.Rc1 Qxa2 25.Rxc7 h6 26.Rxb7 a5 27.Qe4 a4 28.Rb4 Rd8 29.Rxa4 Qb2
30.Ra8 Qc1+ 31.Ng1 Rxa8 32.Qxa8+ Kh7 33.Qe4+ g6 34.Qe5 Kg8 35.h3 Qg5 36.Qxg5 hxg5
37.Nf3 f6 38.Kh2 Kf7 39.Kg3 Kg7 40.Kg4 Kh6 41.Nxg5 fxg5  1-0

[Event "21st World Seniors"]
[Site "Rijeka CRO"]
[Date "2011.11.21"]
[Round "6.14"]
[White "Rajkovic,Du"]
[Black "Simon Padros,E"]
[Result "1/2-1/2"]
[WhiteElo "2416"]
[BlackElo "2258"]

1.d4 d5 2.c4 Nc6 3.Nf3 Bg4 4.Nc3 e6 5.Bf4 Bb4 6.e3 Nf6 7.Rc1 Nh5 8.Be5 Nxe5
9.dxe5 O-O 10.Be2 g6 11.h3 Bxf3 12.Bxf3 dxc4 13.Qa4 Bxc3+ 14.Rxc3 c6 15.Bxh5 gxh5
16.Qxc4 Qg5 17.Qe4 Qg6 18.Rc4 Rad8 19.Ke2 Rd5 20.Rhc1 f5 21.exf6 Qxf6 22.f4 Qxb2+
23.Kf3 Qf6 24.g4 hxg4+ 25.hxg4 h5  1/2-1/2

[Event "21st World Seniors Women"]
[Site "Rijeka CRO"]
[Date "2011.11.21"]
[Round "6.10"]
[White "Khropova,L"]
[Black "Fomina,T"]
[Result "0-1"]
[WhiteElo "2069"]
[BlackElo "2215"]

1.d4 d5 2.c4 Nc6 3.cxd5 Qxd5 4.Nf3 e5 5.Nc3 Bb4 6.Bd2 Bxc3 7.Bxc3 e4 8.Ng1 Nf6
9.e3 O-O 10.Qc2 Re8 11.Ne2 Bg4 12.Nf4 Qd7 13.Bc4 g5 14.Ne2 Rab8 15.a4 Ne7
16.Ng3 Nfd5 17.h3 Bf5 18.Nxf5 Qxf5 19.g4 Qd7 20.Qe2 c6 21.a5 b5 22.axb6 axb6
23.O-O h5 24.Kg2 hxg4 25.Rh1 Kg7 26.Rag1 Rh8 27.Kf1 Ra8 28.Qd1 Qf5 29.Bd2 Rxh3
30.Rxh3 gxh3 31.Be2 h2 32.Rh1 Qh3+  0-1

[Event "21st World Seniors Women"]
[Site "Rijeka CRO"]
[Date "2011.11.23"]
[Round "8.7"]
[White "Kierzek,Mi"]
[Black "Fomina,T"]
[Result "1/2-1/2"]
[WhiteElo "2023"]
[BlackElo "2215"]

1.d4 d5 2.c4 Nc6 3.Nc3 dxc4 4.Nf3 e5 5.d5 Nce7 6.Nxe5 a6 7.Qa4+ Bd7 8.Qxc4 Ng6
9.Nxd7 Qxd7 10.e4 Nf6 11.Be2 b5 12.Qd3 Bd6 13.O-O Qe7 14.a3 Ne5 15.Qh3 Ned7
16.Bg5 h6 17.Bd3 O-O 18.Bxf6 Nxf6 19.f4 b4 20.axb4 Bxb4 21.Kh1 Bxc3 22.bxc3 Nxe4
23.Qf5 Nf6 24.Rxa6 Rxa6 25.Bxa6 Qa3 26.Qd3 Nxd5 27.Qxd5 Qxa6 28.c4 Qd6 29.h3  1/2-1/2

[Event "VIII Regina Prol"]
[Site "Santos BRA"]
[Date "2011.11.27"]
[Round "3.2"]
[White "Abdalla,L"]
[Black "Assumpcao,R"]
[Result "1/2-1/2"]
[WhiteElo "2274"]
[BlackElo "2245"]

1.d4 d5 2.c4 Nc6 3.Nc3 dxc4 4.d5 Na5 5.e4 e6 6.Qa4+ c6 7.dxc6 Nxc6 8.Bxc4 Bd7
9.Qd1 Nf6 10.Nf3 Bb4 11.O-O Na5 12.Bd3 Qc7 13.Nb5 Bxb5 14.Bxb5+ Nc6 15.Qa4 Be7
16.Be3 O-O 17.Rac1 Rfc8 18.h3 a6 19.Bxc6 bxc6 20.Rc4 Qb7 21.Qc2 c5 22.Rc1 a5
23.Bg5 h6 24.Bxf6 Bxf6 25.b3 Be7 26.Ne5 Rd8 27.Nd3 Rd4 28.Nxc5  1/2-1/2

[Event "TCh-HUN 2011-12"]
[Site "Szombathely HUN"]
[Date "2011.11.27"]
[Round "4"]
[White "Vamos,V"]
[Black "Ruck,T"]
[Result "1/2-1/2"]
[WhiteElo "2232"]
[BlackElo "2313"]

1.d4 d5 2.c4 Nc6 3.cxd5 Qxd5 4.e3 e5 5.Nc3 Bb4 6.a3 Bxc3+ 7.bxc3 Nf6 8.Nf3 O-O
9.Be2 Bf5 10.dxe5 Qxd1+  1/2-1/2

[Event "25th Belgrade Trophy"]
[Site "Obrenovac SRB"]
[Date "2011.11.29"]
[Round "6.15"]
[White "Miron,L"]
[Black "Hrzic,I"]
[Result "1-0"]
[WhiteElo "2513"]
[BlackElo "2303"]

1.d4 d5 2.c4 Nc6 3.Nf3 Bg4 4.cxd5 Bxf3 5.gxf3 Qxd5 6.e3 e5 7.Nc3 Bb4 8.Bd2 Bxc3
9.bxc3 Qd6 10.Be2 Nge7 11.O-O O-O 12.Kh1 Kh8 13.Rg1 f5 14.Rb1 b6 15.Qc2 Rf6
16.Rg2 Raf8 17.Bd3 Rg6 18.Rg3 Rff6 19.Rbg1 Qd7 20.a3 a5 21.Bc1 Qc8 22.Bb2 Qd7
23.Rd1 Qe8 24.Bf1 Rd6 25.c4 Rxg3 26.fxg3 Qh5 27.d5 Qxf3+ 28.Bg2 Qh5 29.Rf1 Rh6
30.Bf3 Qh3 31.Qg2 Qxg2+ 32.Bxg2 Nb8 33.Bxe5 Na6 34.g4 Rg6 35.gxf5 Rf6 36.e4 Kg8
37.c5 Rf8 38.cxb6 cxb6 39.Bg3 Nc5 40.d6 Nc6 41.e5 Nd4 42.Bd5+ Kh8 43.e6  1-0

[Event "25th Belgrade Trophy"]
[Site "Obrenovac SRB"]
[Date "2011.12.01"]
[Round "8.28"]
[White "Milanovic,Da"]
[Black "Tasic,Z"]
[Result "1-0"]
[WhiteElo "2516"]
[BlackElo "2157"]

1.d4 d5 2.c4 Nc6 3.Nc3 Nf6 4.Nf3 dxc4 5.d5 Na5 6.Qa4+ c6 7.b4 b5 8.Qxa5 Qxa5
9.bxa5 b4 10.Nd1 cxd5 11.Rb1 e6 12.Nd4 e5 13.Nc6 Bf5 14.Rb2 c3 15.Rb3 Bc2
16.Nxe5 Bxb3 17.axb3 Bd6 18.Nd3 Rb8 19.Ne3 Rb5 20.Nf5 Bf8 21.a6 Ra5 22.e3 Nd7
23.Nd4 Ra1 24.Kd1 Bc5 25.Nc6 O-O 26.Kc2 Kh8 27.Ncxb4 Bxb4 28.Nxb4 Nc5 29.Nd3 Nxa6
30.Kxc3 Ra2 31.b4 Rc8+ 32.Kb3 Rac2 33.Bb2 Rd2 34.Bc3 Rd1 35.Kc2 Ra1 36.Kb2 Rd1
37.g3 h6 38.Kc2 Ra1 39.Bg2 Rxh1 40.Bxh1 Nc7 41.Kb3 f6 42.Nf4 Rb8 43.Ka4 Rb5
44.Ne6 Rb7 45.Nxc7 Rxc7 46.Bd4 Rc2 47.Bxd5  1-0

[Event "Porec Open 2011"]
[Site "Porec CRO"]
[Date "2011.12.02"]
[Round "3.18"]
[White "Konic,Z"]
[Black "Udovicic,Roland"]
[Result "1-0"]
[WhiteElo "2118"]
[BlackElo "1742"]

1.d4 d5 2.c4 Nc6 3.Nf3 Nf6 4.Nc3 e6 5.Bg5 Be7 6.e3 O-O 7.Be2 Nd7 8.Bf4 dxc4
9.Bxc4 Bd6 10.Bg3 Nb6 11.Bb3 Na5 12.O-O Nxb3 13.Qxb3 Bd7 14.Ne5 a6 15.Rac1 Rc8
16.a4 Bxe5 17.Bxe5 Bc6 18.a5 Nd7 19.Bg3 b5 20.d5 Nc5 21.Qa3 b4 22.Qxb4 Nd3
23.Qc4 Nxc1 24.Qxc6 Ne2+ 25.Nxe2 Qxd5 26.Qxd5 exd5 27.Rc1 c6 28.Bd6 Rfd8
29.Bc5 h6 30.Nd4 g6 31.b4 f5 32.g3 Kf7 33.h4 Re8 34.h5 Re4 35.hxg6+ Kxg6
36.Kg2 h5 37.Bd6 Rxd4 38.exd4 Kf7 39.Kf3 Ke6 40.Be5 Kd7 41.Kf4 Rg8 42.Kxf5 Rf8+
43.Bf6 Rb8 44.Rb1 Re8 45.Rb2 Rg8 46.Be5 Rg4 47.f3 Rg8 48.Bf4 Rf8+ 49.Kg5 Ke6
50.Re2+ Kf7 51.Kxh5 Rh8+ 52.Kg4 Rg8+ 53.Kf5 Rh8 54.Bd6 Rh6 55.Re7+ Kg8 56.Be5 c5
57.bxc5 Rc6 58.Bd6 Rc8 59.Ke6 Kh8 60.Kxd5  1-0

[Event "Porec Open 2011"]
[Site "Porec CRO"]
[Date "2011.12.03"]
[Round "6.3"]
[White "Martinovic,Sa"]
[Black "Fercec,N"]
[Result "0-1"]
[WhiteElo "2504"]
[BlackElo "2451"]

1.d4 d5 2.c4 Nc6 3.Nc3 dxc4 4.d5 Nb8 5.e4 e5 6.Bxc4 Nf6 7.Nf3 Bd6 8.O-O a6
9.h3 O-O 10.Bg5 h6 11.Bh4 Nbd7 12.a4 Re8 13.Ne1 Nf8 14.Bg3 Ng6 15.Nd3 Nf4
16.Bxf4 exf4 17.Re1 Nd7 18.Qf3 Ne5 19.Nxe5 Bxe5 20.Be2 g6 21.Qd3 h5 22.Rac1 Bd7
23.b3 Qh4 24.Nb1 g5 25.Nd2 g4 26.Bf1 b5 27.Re2 Rab8 28.a5 Qe7 29.g3 fxg3
30.fxg3 Qa3 31.Rce1 Qxa5 32.hxg4 hxg4 33.Rf2 Qb4 34.Qe3 Rb6 35.Ree2 Rg6 36.Kg2 Kg7
37.Rf4 Rh8 38.Ref2 f6 39.Be2 Qc3 40.Bd3 Bd4 41.Qe2 Bxf2 42.Rxf2 Rgh6 43.Nf1 Qd4
44.Qc2 Qe5 45.Rf4 Rh1 46.Qc5 Kf7 47.b4 Qa1 48.d6 Qxf1+  0-1

[Event "14th Metropolitan IM"]
[Site "Los Angeles USA"]
[Date "2011.12.10"]
[Round "6"]
[White "Remlinger,L"]
[Black "Aleskerov,F"]
[Result "1/2-1/2"]
[WhiteElo "2409"]
[BlackElo "2339"]

1.d4 d5 2.c4 Nc6 3.Nf3 e5 4.dxe5 Bb4+ 5.Bd2 dxc4 6.Qa4 Qe7 7.e3 Bd7 8.Bxc4 Bxd2+
9.Nbxd2 Nxe5 10.Qa5 Nxc4 11.Nxc4 Be6 12.Rc1 b6 13.Qb5+ Qd7 14.Qe5 f6 15.Qg3 Nh6
16.O-O O-O 17.Rfd1 Qf7 18.b3 Rad8 19.Ncd2 Rd7 20.Ne4 Rxd1+ 21.Rxd1 Qg6 22.Qxg6 hxg6
23.Nd4 Rd8 24.Rc1 Bd5 25.Nc3 Bb7 26.b4 a6 27.Nce2 Rd7 28.f3 Nf7 29.Kf2 Ne5
30.Rc3 Bd5 31.a3 Bc4 32.e4 b5 33.h3 Kf7 34.f4 c5 35.bxc5 Nd3+ 36.Ke3 Nxc5
37.Ng3 Rd8 38.Rc2 a5 39.Nxb5 Rd3+ 40.Kf2 Nxe4+ 41.Nxe4 Bxb5 42.Rc5 Ba4 43.Rxa5 Bc6
44.Ra7+ Kg8 45.Nc5 Rd2+ 46.Ke3 Rxg2 47.Ne6 Bd5 48.Rxg7+ Kh8 49.Re7 Bxe6 50.Rxe6 Rg3+  1/2-1/2

[Event "TCh-CZE Liga 1 Zapad"]
[Site "Czech Rep CZE"]
[Date "2011.12.11"]
[Round "5.8"]
[White "Novotny,Jar1"]
[Black "Plesek,J"]
[Result "1/2-1/2"]
[WhiteElo "2173"]
[BlackElo "2168"]

1.d4 d5 2.c4 Nc6 3.Nf3 Bg4 4.cxd5 Bxf3 5.gxf3 Qxd5 6.e3 e5 7.Nc3 Bb4 8.Bd2 Bxc3
9.bxc3 Qd6 10.f4 exf4 11.e4 Nge7 12.Qf3 Ng6 13.Bc1 O-O 14.Be2 Rfe8 15.Kf1 Rad8
16.h4 Nxd4 17.cxd4 Qxd4 18.Rb1 b6 19.h5 Ne5 20.Qxf4 Nd3 21.Qe3 Qxe4 22.Qxe4 Rxe4
23.Be3 c5 24.Bxd3 Rxd3 25.Bxc5 h6 26.Be3 Ra3 27.Ke2 Rea4  1/2-1/2

[Event "14th Padova Open"]
[Site "Padova ITA"]
[Date "2011.12.14"]
[Round "5"]
[White "Santolini,L"]
[Black "Fercec,N"]
[Result "0-1"]
[WhiteElo "2197"]
[BlackElo "2451"]

1.d4 d5 2.c4 Nc6 3.e3 e5 4.cxd5 Qxd5 5.Nc3 Bb4 6.a3 Bxc3+ 7.bxc3 Nf6 8.c4 Qd6
9.d5 Ne7 10.Bb2 O-O 11.Nf3 Ng6 12.Be2 Re8 13.Qb3 c6 14.Rd1 b6 15.a4 cxd5
16.cxd5 Bb7 17.Bc4 Rac8 18.Ba3 Qc7 19.Nd2 Red8 20.d6 Qd7 21.O-O Bc6 22.Bb5 Qb7
23.Bxc6 Rxc6 24.Rc1 Rdc8 25.Rxc6 Rxc6 26.Nf3 h6 27.Rd1 Nd7 28.h4 Rc8 29.h5 Ngf8
30.Qb5 Qe4 31.Qa6 Rc4 32.Nd4 Rc3 33.Nb5 Rc2 34.Qxa7 Qf5 35.Rf1 Qxh5 36.a5 Nf6
37.f3 Qh4 38.Qc7 Ra2 39.Qc3 Qg3 40.Bb2 Rxa5 41.Qb3 Ne6 42.Bc3 Nc5 43.Qb1 Ra4
44.Bb4 Ncd7 45.Qb3 Ra8 46.Nc7 Rc8 47.Nb5 e4 48.Nd4 exf3 49.Nxf3 Ng4 50.Qd5 Nxe3
51.Qd2 Rc2  0-1